Anales /

Guardado en:
Autor Corporativo: Congreso interamericano de Ingeniería Sanitaria. 3
Formato: Libro
Idioma:Spanish
Publicado: Buenos Aires : AIDIS, 1952.
Etiquetas: Agregar Etiqueta
Sin Etiquetas, Sea el primero en etiquetar este registro!
LEADER 00529nam a22001455a 4500
001 EUN.um038575
003 AR-BaUNS
005 20050623122910.0
008 041125s1952####ag#a##########000#0#spa#d
245 1 0 |a Anales /  |c Congreso interamericano de Ingeniería Sanitaria. 3. 
260 |a Buenos Aires :  |b AIDIS,  |c 1952. 
300 |a 986 p. :  |b ilus. ;  |c 25 cm. 
082 0 4 |a 628 
110 2 |a Congreso interamericano de Ingeniería Sanitaria. 3  |c Buenos Aires, 19 al 30 de noviembre de 1952. 
859 |a Ar-BaUNS  |b BIB. CENTRAL - Sector C  |h 628  |i C76  |p 97719/989  |v 3